Регионална библиотека "Любен Каравелов" - Русе

България | Bulgaria (Запис номер 88454)

MARC детайли
000 -Лидер
Контролно поле с фиксирана дължина nam a22 a 4500
003 - Код на организацията, давaща контролен номер
Контролно поле BLK
005 - Дата и час на последна редакция
Контролно поле 20210201115025.0
008 - Елементи от данни с фиксирана дължина
fixed length control field 180408b bul|||||r ||||||| ||bul||
010 ## - Наследен системен номер
LC control number KNG00093119000
040 ## - Източник на каталожния запис
Идентификатор на билиотеката - собственик на записа BLK
041 ## - Код за език
Код за езика на текст/звукозапис или на отделно заглавие Български
Код за езика КДБФ Български
Други езици Английски
072 #7 - Код за тематичната категория
Код организация bullib
Код за тематична категория Н33
Текст Икономика Н
080 ## - УДК
Текстов определител УДК Жизнено равнище
УДК код - определител по УДК 330.59
УДК определител (497.2)
УДК - код + определител 330.59(497.2)
080 ## - УДК
Текстов определител УДК Статистика на населението. Демографска статистика. Вж и 314 ; 316 ; 323. 3 ; 325 ; 614. 1
УДК код - определител по УДК 312
УДК определител (497.2)
УДК - код + определител 312(497.2)
139 ## - Редно поле
Редна дума България
Авторски знак Бъл - Б 92
245 10 - Сведения за заглавието
Заглавие България
Подзаглавни данни Благосъстояние на домакинствата по време на рецесията през 2010 г. и периода на възстановяване : Докл. № 63457-BG
245 10 - Сведения за заглавието
Заглавие Bulgaria
Подзаглавни данни Household Welfare During the 2010 Recession and Recovery : Report № 63457-BG
257 ## - Страна на издаване
Страна на създаване/издаване Съединени американски щати
260 ## - Област на издателските данни
Име на издателя, разпространителя и проч. Световна банка
Година на издаване 2012
Място на издаване, разпространение и проч. София
300 ## - Физическа характеристика
Страници 80, 71 с.
Илюстрации и др. с табл., диагр.
Размери/Мащаб 30 см
380 ## - Жанр
Жанр Обществени науки
500 ## - Общи забележки
Забележка Изд. на Световната банка. Регион Европа и Центр. Азия. Отдел Човешко развитие. - Парал. текст отпеч. от обратната страна на кн. със самостоятелна загл. с. и паг. - Библиогр. с. 79-80.
650 #4 - Допълнително описание по предмет – тема
Основно описание – тема или топоним Жизнено равнище - България
9 (RLIN) 303179
650 #4 - Допълнително описание по предмет – тема
Основно описание – тема или топоним България - население - социология
9 (RLIN) 285966
651 #4 - Допълнително описание по предмет - топоним
Географско понятие България
9 (RLIN) 241624
653 ## - Ключова дума – ненормативна
Ключова дума жизнено равнище
653 ## - Ключова дума – ненормативна
Ключова дума рецесии
659 ## - Тематичен бюлетин
Тематичен бюлетин Н
852 ## - Местоположение
Форматна сигнатура Цб ІІ 14993
856 4# - Електронен адрес и достъп
Електронен формат pdf - файл
856 4# - Електронен адрес и достъп
Електронен формат pdf - файл
999 ## - СИСТЕМНИ КОНТРОЛНИ НОМЕРА
Koha biblionumber 88454
Koha biblioitemnumber 88454
942 ## - АРТИКУЛИ
Вид на библиотечния материал Книги
Скрит в OPAC Не
Периодичен библиозапис Да
944 ## - СЪЗДАВАНЕ И РЕДАКЦИЯ на ЗАПИСА
Създаване/Редакция Създаване
Дата на регистрацията/редакция 30.03.2012
Статус, дата на статуса ф /
Служител, извършил регистрацията/редакцията Людмила_Стоянова
944 ## - СЪЗДАВАНЕ И РЕДАКЦИЯ на ЗАПИСА
Създаване/Редакция Редакция
Дата на регистрацията/редакция 30.08.2013
Статус, дата на статуса ф /
999 ## - СИСТЕМНИ КОНТРОЛНИ НОМЕРА
Koha biblioitemnumber 88454
Наличности
Код за отписване Код за изгубен артикул Източник на класификационната схема Код за повреда Коз за рестрикции Код за отдаване Артикулен № Име на библиотеката - собственик Име на библиотеката, в която се намира в момента Статус (Текущо местоположение) Дата на вписване в системата Местоположение - отдел Цена в лева Инвентарен номер Систематично азбучна сигнатура Баркод Номер на екземпляра Цена в евро Служебна бележка Служебен тип на артикула
  Не е изгубен Universal Decimal Classification Не е повреден само за читалня ползва се в читалня 143444 Регионална библиотека "Любен Каравелов" Русе Регионална библиотека "Любен Каравелов" Русе Хранилище 2012-03-26 Основен фонд - ползва се само за читалня 14.00 120000756723 Цб ІІ 14993 120000756723 1 7.16 Дост: DA Вид: А N: 5 Дата: 23.03.2012 Книги
Изтеглен Не е изгубен   Не е повреден без рестрикции заемане за дома 143445 Регионална библиотека "Любен Каравелов" Русе Регионална библиотека "Любен Каравелов" Русе Заемна - подръчен фонд 2012-03-26 Заемна - подръчен фонд 14.00 120000756724 П 330/Б 92 120000756724 2 7.16 Дост: DA Вид: А N: 5 Дата: 23.03.2012 Дата инв: 05.02.2018 Бележки инв: П2018 Книги
Vip Innovations Ltd, Rousse, Bulgaria 2025